Statistics for NFL Top 100 Quarterbacks of All Time

Click here to take the quiz!

General Stats

  • This quiz has been taken 161 times
  • The average score is 47 of 100

Answer Stats

TeamPlayer% Correct
NYGEli Manning
100%
INDPeyton Manning
100%
NETom Brady
100%
NOArchie Manning
98%
SFJoe Montana
98%
MIADan Marino
95%
GBBrett Favre
94%
DENJohn Elway
93%
GBAaron Rodgers
92%
SFSteve Young
92%
NODrew Brees
89%
PITBen Roethlisberger
85%
INDJohnny Unitas
85%
LACPhilip Rivers
85%
DALTroy Aikman
84%
DALRoger Staubach
82%
PITTerry Bradshaw
81%
ARIKurt Warner
77%
GBBart Starr
75%
DALTony Romo
75%
MINFran Tarkenton
73%
BUFJim Kelly
73%
NYJJoe Namath
73%
NEDrew Bledsoe
70%
CLEOtto Graham
70%
PHIDonovan McNabb
69%
HOUWarren Moon
69%
ATLMichael Vick
64%
WASJoe Theismann
61%
ARICarson Palmer
60%
LACDan Fouts
60%
NYGPhil Simms
60%
TENSteve McNair
60%
KCLen Dawson
58%
TBBrad Johnson
57%
ARICharley Johnson
56%
PHIRandall Cunningham
56%
CINBoomer Esiason
53%
CINKen Anderson
53%
SEAMatt Hasselbeck
53%
WASSammy Baugh
53%
MINDaunte Culpepper
51%
LVRKen Stabler
50%
NYJVinny Testaverde
50%
MIABob Griese
49%
INDBert Jones
47%
CLEBernie Kosar
44%
WASDoug Williams
44%
JAXMark Brunell
40%
HOUMatt Schaub
38%
LVRRich Gannon
38%
NYGY.A. Tittle
38%
CHIJim McMahon
37%
LVRJim Plunkett
37%
WASSonny Jurgensen
36%
DALDanny White
35%
LARJim Everett
34%
KCTrent Green
34%
CLEBrian Sipe
33%
ARIJim Hart
32%
NYGKerry Collins
31%
LARNorm Van Brocklin
31%
PHIRon Jaworski
31%
CARJake Delhomme
30%
CLESid Luckman
30%
NYJChad Pennington
29%
DALCraig Morton
27%
LVRDaryle Lamonica
27%
DETBobby Layne
26%
SEADave Krieg
26%
LVRGeorge Blanda
26%
TBJeff Garcia
26%
INDJeff George
24%
BALJim Harbaugh
24%
LACJohn Hadl
24%
NYGJeff Hostetler
23%
LARRoman Gabriel
23%
BUFDoug Flutie
22%
MIAEarl Morrall
22%
NYJKen O'brien
22%
SFJohn Brodie
21%
CLEMilt Plum
21%
ATLSteve Bartkowski
21%
DENJake Plummer
20%
CARSteve Beuerlein
20%
NESteve Grogan
20%
ATLChris Chandler
19%
LARMarc Bulger
18%
BUFJoe Ferguson
17%
NOAaron Brooks
16%
DALDon Meredith
16%
ARINeil Lomax
16%
KCSteve DeBerg
15%
WASBilly Kilmer
14%
DETGreg Landry
14%
NYJNeil O'Donnell
12%
CINJeff Blake
10%
NEBabe Parilli
9%
NYGNorm Snead
8%
CHIBill Wade
6%

Score Distribution

Percentile by Number Answered

Percent of People with Each Score

Your Score History

You have not taken this quiz